The All Iindia reporter 1987(V-74) SUPRIM COURT Section (Record no. 6783)

MARC details
000 -LEADER
fixed length control field 00404nam a22001457a 4500
005 - DATE AND TIME OF LATEST TRANSACTION
control field 20200603154906.0
008 - FIXED-LENGTH DATA ELEMENTS--GENERAL INFORMATION
fixed length control field 200603b xxu||||| |||| 00| 0 eng d
082 ## - DEWEY DECIMAL CLASSIFICATION NUMBER
Classification number 345.4 AIR
100 ## - MAIN ENTRY--AUTHOR NAME
Personal name The All Iindia reporter
245 ## - TITLE STATEMENT
Title The All Iindia reporter 1987(V-74) SUPRIM COURT Section
260 ## - PUBLICATION, DISTRIBUTION, ETC. (IMPRINT)
Place of publication DELHI
Name of publisher The All Iindia reporter
Year of publication 1987
300 ## - PHYSICAL DESCRIPTION
Number of Pages 1280p.
650 ## - SUBJECT ADDED ENTRY--TOPICAL TERM
Topical Term LAW
942 ## - ADDED ENTRY ELEMENTS (KOHA)
Koha item type Journals/Serial
Holdings
Lost status Damaged status Collection code Home library Current library Shelving location Date acquired Source of acquisition Full call number Accession Number Koha item type
    LAW JRU Library JRU Library SHELF-38-C 15/06/2020 PURCHASE 345.4 AIR 24380 Journals/Serial